Mecánica vectorial para ingenieros : (Registro nro. 18864)

Detalles MARC
000 -LEADER
campo de control de longitud fija 04843cam a22008294i 4500
003 - IDENTIFICADOR DE NÚMERO DE CONTROL
campo de control PE-LiUPU
005 - FECHA Y HORA DE LA ÚLTIMA TRANSACCIÓN
campo de control 20250731180104.0
008 - DATOS DE LONGITUD FIJA--INFORMACIÓN GENERAL
campo de control de longitud fija 131115s2013 mx a r 000 0 spa d
020 ## - NÚMERO INTERNACIONAL ESTÁNDAR DEL LIBRO
Número Internacional Estándar del Libro 6071509254
020 ## - NÚMERO INTERNACIONAL ESTÁNDAR DEL LIBRO
Número Internacional Estándar del Libro 9786071509253
035 ## - NÚMERO DE CONTROL DEL SISTEMA
Número de control de sistema (Sirsi) i9786071509253
040 ## - FUENTE DE CATALOGACIÓN
Centro catalogador/agencia de origen CKJAV
Lengua de catalogación spa
Centro/agencia transcriptor CKJAV
Centro/agencia modificador ZZAND
-- PE-LiUPU
Normas de descripción rda
049 ## - FONDOS LOCALES (OCLC)
Biblioteca depositaria PRUA
082 04 - NÚMERO DE LA CLASIFICACIÓN DECIMAL DEWEY
Número de clasificación 531.11
Cutter B39
082 04 - NÚMERO DE LA CLASIFICACIÓN DECIMAL DEWEY
Número de clasificación 531.11
Cutter B39 1
082 04 - NÚMERO DE LA CLASIFICACIÓN DECIMAL DEWEY
Número de clasificación 531.11
Cutter B39 2
100 1# - ENTRADA PRINCIPAL--NOMBRE DE PERSONA
Nombre de persona Beer, Ferdinand P.,
Término indicativo de función/relación autor.
245 10 - MENCIÓN DEL TÍTULO
Título Mecánica vectorial para ingenieros :
Resto del título Estática /
Mención de responsabilidad, etc. Ferdinand P. Beer, E. Russell John Jr., David F. Mazurek ; revisión técnica Javier León Cárdenas, Miguel Angel Rios Sánchez, Enrique Zamora Gallardo.
250 ## - MENCION DE EDICION
Mención de edición Décima edición.
264 #1 - PRODUCCIÓN, PUBLICACIÓN, DISTRIBUCIÓN, FABRICACIÓN Y COPYRIGHT
Producción, publicación, distribución, fabricación y copyright México, D.F. :
Nombre del de productor, editor, distribuidor, fabricante McGraw-Hill Interamericana,
Fecha de producción, publicación, distribución, fabricación o copyright 2013.
300 ## - DESCRIPCIÓN FÍSICA
Extensión 489 páginas :
Otras características físicas ilustraciones ;
Dimensiones 27centímetros.
336 ## - TIPO DE CONTENIDO
Término de tipo de contenido text
Fuente rdacontent
337 ## - TIPO DE MEDIO
Nombre/término del tipo de medio unmediated
Fuente rdamedia
338 ## - TIPO DE SOPORTE
Nombre/término del tipo de soporte volume
Fuente rdacarrier
504 ## - NOTA DE BIBLIOGRAFÍA, ETC.
Nota de bibliografía, etc. Incluye índice analítico.
505 0# - NOTA DE CONTENIDO CON FORMATO
Nota de contenido con formato Estática de partículas -- Cuerpos rígidos. Sistemas equivalentes de fuerzas -- Equilibrio de cuerpos rígidos -- Fuerzas distribuidas. Centroides y centros de gravedad -- Análisis de estructuras -- Fuerzas en vigas y cables -- Fricción -- Fuerzas distribuidas. Momentos de inercia -- Método del trabajo virtual.
526 ## - NOTA DE INFORMACIÓN SOBRE EL PROGRAMA DE ESTUDIO
Nombre del programa Segunda Especialidad En Estadística Aplicada Para Investigación (A Distancia)
526 ## - NOTA DE INFORMACIÓN SOBRE EL PROGRAMA DE ESTUDIO
Nombre del programa Segunda Especialidad En Estadística Aplicada Para Investigación
526 ## - NOTA DE INFORMACIÓN SOBRE EL PROGRAMA DE ESTUDIO
Nombre del programa Odontología
526 ## - NOTA DE INFORMACIÓN SOBRE EL PROGRAMA DE ESTUDIO
Nombre del programa Tecnología Médica En Terapia Física Y Rehabilitación (A Distancia)
526 ## - NOTA DE INFORMACIÓN SOBRE EL PROGRAMA DE ESTUDIO
Nombre del programa Tecnología Médica En Terapia Física Y Rehabilitación (Semipresencial)
526 ## - NOTA DE INFORMACIÓN SOBRE EL PROGRAMA DE ESTUDIO
Nombre del programa Tecnología Médica En Laboratorio Clínico Y Anatomía Patológica
526 ## - NOTA DE INFORMACIÓN SOBRE EL PROGRAMA DE ESTUDIO
Nombre del programa Ingeniería De Ciencia De Datos E Inteligencia Artificial
526 ## - NOTA DE INFORMACIÓN SOBRE EL PROGRAMA DE ESTUDIO
Nombre del programa Ingeniería Ambiental (Semipresencial)
526 ## - NOTA DE INFORMACIÓN SOBRE EL PROGRAMA DE ESTUDIO
Nombre del programa Nutrición humana
526 ## - NOTA DE INFORMACIÓN SOBRE EL PROGRAMA DE ESTUDIO
Nombre del programa Medicina humana
526 ## - NOTA DE INFORMACIÓN SOBRE EL PROGRAMA DE ESTUDIO
Nombre del programa Ingeniería de industrias alimentarias
526 ## - NOTA DE INFORMACIÓN SOBRE EL PROGRAMA DE ESTUDIO
Nombre del programa Ingeniería civil
526 ## - NOTA DE INFORMACIÓN SOBRE EL PROGRAMA DE ESTUDIO
Nombre del programa Ingeniería ambiental
526 ## - NOTA DE INFORMACIÓN SOBRE EL PROGRAMA DE ESTUDIO
Nombre del programa Enfermería
526 ## - NOTA DE INFORMACIÓN SOBRE EL PROGRAMA DE ESTUDIO
Nombre del programa Educación secundaria, especialidad matemática e informática
526 ## - NOTA DE INFORMACIÓN SOBRE EL PROGRAMA DE ESTUDIO
Nombre del programa Educación secundaria, especialidad ambiental, biología y química
596 ## -
-- 1 3
650 04 - PUNTO DE ACCESO ADICIONAL DE MATERIA--TÉRMINO DE MATERIA
Término de materia o nombre geográfico como elemento de entrada Análisis vectorial.
650 04 - PUNTO DE ACCESO ADICIONAL DE MATERIA--TÉRMINO DE MATERIA
Término de materia o nombre geográfico como elemento de entrada Dinámica.
650 04 - PUNTO DE ACCESO ADICIONAL DE MATERIA--TÉRMINO DE MATERIA
Término de materia o nombre geográfico como elemento de entrada Estática.
650 04 - PUNTO DE ACCESO ADICIONAL DE MATERIA--TÉRMINO DE MATERIA
Término de materia o nombre geográfico como elemento de entrada Mecánica aplicada.
650 04 - PUNTO DE ACCESO ADICIONAL DE MATERIA--TÉRMINO DE MATERIA
Término de materia o nombre geográfico como elemento de entrada Mecánica.
700 1# - ENTRADA AGREGADA--NOMBRE PERSONAL
Nombre de persona Johnston Jr., E. Russell,
Término indicativo de función/relación autor.
700 1# - ENTRADA AGREGADA--NOMBRE PERSONAL
Nombre de persona Mazurek, David F.,
Término indicativo de función/relación autor.
700 1# - ENTRADA AGREGADA--NOMBRE PERSONAL
Nombre de persona León Cárdenas, Javier,
Término indicativo de función/relación revisor.
700 1# - ENTRADA AGREGADA--NOMBRE PERSONAL
Nombre de persona Rios Sánchez, Miguel Angel
Término indicativo de función/relación revisor.
910 ## - DATOS DE OPCIÓN DEL USUARIO (OCLC)
-- tqv
-- rmch
-- 20170124
910 ## - DATOS DE OPCIÓN DEL USUARIO (OCLC)
-- tqv
-- aic
-- 20170222
942 ## - ELEMENTOS DE ENTRADA SECUNDARIOS (KOHA)
Fuente del sistema de clasificación o colocación Clasificación Decimal Dewey
Tipo de ítem Koha
949 ## - PROCESAMIENTO DE INFORMACIÓN LOCAL (OCLC)
a 531.11 B39 2013
w DEWEY
c 1
i FJ05861
l CCODEBUJ1
m BUJ
p 28.00
r 0
s Y
t BOOK
u 2017-01-24
x INGENIERIA
-- P25
0 COMPRA
o .STAFF. Colección General Juliaca
949 ## - PROCESAMIENTO DE INFORMACIÓN LOCAL (OCLC)
a 531.11 B39 2013
w DEWEY
c 2
i FJ05862
l CCODEBUJ1
m BUJ
p 28.00
r 0
s Y
t BOOK
u 2017-01-24
x INGENIERIA
-- P25
0 COMPRA
o .STAFF. Colección General Juliaca
994 ## -
-- C0
-- PEPRU
999 ## - NÚMEROS DE CONTROL DE SISTEMA (KOHA)
-- DEWEY
-- 71123
-- 2019-11-13
-- 2021-11-9
-- 7
-- CCODEBUL1
-- BUL
-- 52
-- 29.30
-- 7
-- 0
-- Y
-- BOOK
-- 2015-5-22
-- INGENIERIA
-- P25
-- COMPRA
-- .STAFF. Colección General
999 ## - NÚMEROS DE CONTROL DE SISTEMA (KOHA)
-- DEWEY
-- 71124
-- 2018-5-20
-- 2021-11-9
-- 7
-- CCODEBUL1
-- BUL
-- 39
-- 29.30
-- 5
-- 0
-- N
-- BOOK
-- 2015-5-22
-- INGENIERIA
-- P25
-- COMPRA
-- .STAFF. Colección General
999 ## - NÚMEROS DE CONTROL DE SISTEMA (KOHA)
-- DEWEY
-- 71125
-- 2016-11-14
-- CHECKEDOUT
-- LOST
-- BUL
-- 14
-- 29.30
-- M
-- Y
-- BOOK
-- 2015-5-22
-- INGENIERIA
-- P25
-- COMPRA
-- .STAFF. Colección General
999 ## - NÚMEROS DE CONTROL DE SISTEMA (KOHA)
-- DEWEY
-- 71126
-- 2019-5-24
-- 2021-11-9
-- 7
-- CCODEBUL1
-- BUL
-- 47
-- 29.30
-- 16
-- 0
-- Y
-- BOOK
-- 2015-5-22
-- INGENIERIA
-- P25
-- COMPRA
-- .STAFF. Colección General
999 ## - NÚMEROS DE CONTROL DE SISTEMA (KOHA)
-- DEWEY
-- 67362
-- 2017-10-19
-- 2021-11-9
-- 7
-- CCODEBUL1
-- BUL
-- 9
-- 71.00
-- 2
-- 0
-- N
-- BOOK
-- 2013-5-30
-- INGENIERIA
-- P25
-- COMPRA
-- .STAFF. Colección General
999 ## - NÚMEROS DE CONTROL DE SISTEMA (KOHA)
-- DEWEY
-- 71127
-- 2019-10-21
-- 2021-11-9
-- 7
-- CCODEBUL1
-- BUL
-- 8
-- 35.60
-- 1
-- 0
-- Y
-- BOOK
-- 2015-5-22
-- INGENIERIA
-- P25
-- COMPRA
-- .STAFF. Colección General
999 ## - NÚMEROS DE CONTROL DE SISTEMA (KOHA)
-- DEWEY
-- 71128
-- 2019-8-25
-- 2021-11-9
-- 7
-- CCODEBUL1
-- BUL
-- 20
-- 35.60
-- 0
-- Y
-- BOOK
-- 2015-5-22
-- INGENIERIA
-- P25
-- COMPRA
-- .STAFF. Colección General
999 ## - NÚMEROS DE CONTROL DE SISTEMA (KOHA)
-- DEWEY
-- 71129
-- 2019-11-21
-- 2021-11-9
-- 7
-- CCODEBUL1
-- BUL
-- 10
-- 35.60
-- 1
-- 0
-- Y
-- BOOK
-- 2015-5-22
-- INGENIERIA
-- P25
-- COMPRA
-- .STAFF. Colección General
999 ## - NÚMEROS DE CONTROL DE SISTEMA (KOHA)
-- DEWEY
-- 71130
-- 2019-10-10
-- 2021-11-9
-- 7
-- CCODEBUL1
-- BUL
-- 14
-- 35.60
-- 0
-- Y
-- BOOK
-- 2015-5-22
-- INGENIERIA
-- P25
-- COMPRA
-- .STAFF. Colección General
999 ## - NÚMEROS DE CONTROL DE SISTEMA (KOHA)
-- DEWEY
-- 72289
-- 2019-11-6
-- 2021-11-9
-- 7
-- CCODEBUL1
-- BUL
-- 13
-- 35.60
-- 1
-- 0
-- Y
-- BOOK
-- 2016-11-22
-- INGENIERIA
-- P06
-- COMPRA
999 ## - NÚMEROS DE CONTROL DE SISTEMA (KOHA)
-- DEWEY
-- FJ05861
-- 2019-10-29
-- 2022-1-19
-- 4
-- CCODEBUJ1
-- BUJ
-- 22
-- 28.00
-- 21
-- 0
-- Y
-- BOOK
-- 2017-1-24
-- INGENIERIA
-- P25
-- COMPRA
-- .STAFF. Colección General Juliaca
999 ## - NÚMEROS DE CONTROL DE SISTEMA (KOHA)
-- DEWEY
-- FJ05862
-- 2020-2-5
-- 2019-11-18
-- 3
-- CHECKEDOUT
-- CCODEBUJ1
-- BUJ
-- 19
-- 28.00
-- 20
-- M
-- Y
-- BOOK
-- 2017-1-24
-- INGENIERIA
-- P25
-- COMPRA
-- .STAFF. Colección General Juliaca
980 ## - EQUIVALENCIA O REFERENCIA-CRUZADA-MENCIÓN DE SERIE--NOMBRE DE PERSONA/TÍTULO [LOCAL, CANADÁ]
ID del último usuario que modificó el registro 1
Nombre del último usuario que modificó el registro ALBERTO SANCHEZ Responsable de Automatización
Existencias
Visto por última vez Número de inventario Total de préstamos Signatura topográfica completa Código de barras Fecha del último préstamo Copia número Coste, precio de reemplazo Fecha de reemplazo Facultad Tipo de ítem Koha Nota pública Estado de pérdida Fuente del sistema de clasificación o colocación Restricciones de uso No para préstamo Colección Programa académico Biblioteca de origen Biblioteca actual Ubicación en estantería Fecha de adquisición Fuente de adquisición Coste, precio normal de compra
2025-12-02 8 52 531.11 B39 1 71123 2019-11-13 e1 34.30 2015-05-22 FIA Libros físicos inventario-2023-12-13 No Perdido Clasificación Decimal Dewey No restringido Disponible para préstamos Colección General Ingeniería civil Biblioteca CRAI UPeU Lima Biblioteca CRAI UPeU Lima Sala principal 2015-05-22 COMPRA 29.30
2025-12-02 8 41 531.11 B39 1 71124 2023-08-31 e2 34.30 2015-05-22 FIA Libros físicos inventario-2023-12-13 No Perdido Clasificación Decimal Dewey No restringido Disponible para préstamos Colección General Ingeniería civil Biblioteca CRAI UPeU Lima Biblioteca CRAI UPeU Lima Sala principal 2015-05-22 COMPRA 29.30
2016-11-14 7 14 531.11 B39 1 71125 2016-11-14 e3 34.30 2015-05-22 FIA Libros físicos perdido o baja hasta el 2023-12-13 Perdido Clasificación Decimal Dewey Restringido No disponible para préstamos Colección General Ingeniería civil Biblioteca CRAI UPeU Lima Biblioteca CRAI UPeU Lima Sala principal 2015-05-22 COMPRA 29.30
2025-12-02 8 49 531.11 B39 1 71126 2023-09-06 e4 34.30 2015-05-22 FIA Libros físicos inventario-2023-12-13 No Perdido Clasificación Decimal Dewey No restringido Disponible para préstamos Colección General Ingeniería civil Biblioteca CRAI UPeU Lima Biblioteca CRAI UPeU Lima Sala principal 2015-05-22 COMPRA 29.30
2025-12-02 8 9 531.11 B39 2 67362 2017-10-19 e1 76.00 2013-05-30 FIA Libros físicos inventario-2023-12-13 No Perdido Clasificación Decimal Dewey No restringido Disponible para préstamos Colección General Ingeniería civil Biblioteca CRAI UPeU Lima Biblioteca CRAI UPeU Lima Sala principal 2013-05-30 COMPRA 71.00
2025-12-02 8 9 531.11 B39 2 71127 2022-11-20 e2 40.60 2015-05-22 FIA Libros físicos inventario-2023-12-13 No Perdido Clasificación Decimal Dewey No restringido Disponible para préstamos Colección General Ingeniería civil Biblioteca CRAI UPeU Lima Biblioteca CRAI UPeU Lima Sala principal 2015-05-22 COMPRA 35.60
2025-12-02 8 20 531.11 B39 2 71128 2019-08-25 e3 40.60 2015-05-22 FIA Libros físicos inventario-2023-12-13 No Perdido Clasificación Decimal Dewey No restringido Disponible para préstamos Colección General Ingeniería civil Biblioteca CRAI UPeU Lima Biblioteca CRAI UPeU Lima Sala principal 2015-05-22 COMPRA 35.60
2025-12-02 8 13 531.11 B39 2 71129 2024-09-23 e4 40.60 2015-05-22 FIA Libros físicos inventario-2023-12-13 No Perdido Clasificación Decimal Dewey No restringido Disponible para préstamos Colección General Ingeniería civil Biblioteca CRAI UPeU Lima Biblioteca CRAI UPeU Lima Sala principal 2015-05-22 COMPRA 35.60
2025-12-02 8 16 531.11 B39 2 71130 2024-09-25 e5 40.60 2015-05-22 FIA Libros físicos inventario-2023-12-13 No Perdido Clasificación Decimal Dewey No restringido Disponible para préstamos Colección General Ingeniería civil Biblioteca CRAI UPeU Lima Biblioteca CRAI UPeU Lima Sala principal 2015-05-22 COMPRA 35.60
2025-12-02 5 16 531.11 B39 2 72289 2024-09-23 e6 40.60 2016-11-22 FIA Libros físicos inventario-2023-12-13 No Perdido Clasificación Decimal Dewey No restringido Disponible para préstamos Colección General Ingeniería civil Biblioteca CRAI UPeU Lima Biblioteca CRAI UPeU Lima Sala principal 2016-11-22 COMPRA 35.60